Catálogo
 En Linea

Report of the commission of inquiry to Santo Domingo. : (Registro nro. 33479)

Detalles MARC
000 -CABECERA
campo de control de longitud fija 00545nam a2200133 a 4500
001 - NÚMERO DE CONTROL
campo de control 000033988
005 - FECHA Y HORA DE LA ÚLTIMA TRANSACCIÓN
campo de control 20200930070700.0
008 - DATOS DE LONGITUD FIJA--INFORMACIÓN GENERAL
campo de control de longitud fija 110919s1871 xxu 001 0 spa d
040 ## - FUENTE DE LA CATALOGACIÓN
Centro catalogador/agencia de origen DO-SdBNP
Lengua de catalogación spa
Centro/agencia transcriptor BNPHU
245 00 - MENCIÓN DE TÍTULO
Título Report of the commission of inquiry to Santo Domingo. :
Resto del título with the introductory massage of the president, special reports made to the commission, state papers furnishied by the of over seventy witnesses.
260 ## - PUBLICACIÓN, DISTRIBUCIÓN, ETC.
Lugar de publicación, distribución, etc. Washington, :
Nombre del editor, distribuidor, etc. Goverment printing office,
Fecha de publicación, distribución, etc. 1871.
300 ## - DESCRIPCIÓN FÍSICA
Extensión 297 p. ;
Dimensiones 23 cm.
500 ## - NOTA GENERAL
Nota general Incluye índice
Existencias
Estado de retiro Estado de pérdida Restricciones de uso No para préstamo Código de colección Localización permanente Ubicación/localización actual Ubicación en estantería Fecha de adquisición Número de inventario Total de préstamos Signatura topográfica completa Código de barras Fecha visto por última vez Precio válido a partir de Tipo de ítem Koha
      Excluido de préstamo Monografías: Libros y Folletos General General En catalogación 19.09.2011 LF1   33988-10 25.06.2020 25.06.2020 No se presta

Con tecnología Koha